00661nam a22001575i 4500001000700000003000900007005001700016008004100033040002000074100003500094245008800129260010000217300002100317500009500338852007000433165162ES-MaACL20251014063240.0000214s1884 sp |||| | spa d aCAM bspa cCAM1 aSellés, Eugenio, d1842-192614aLas vengadoras b: drama en tres actos y en prosa / coriginal de Eugenio Sellés. aMadrid : b[Administración lírico-dramática], c1884 (fTipografía de Gregorio Estrada) a75 p. ; c20 cm. aRepresentado por primera vez en Madrid, en el teatro de la Comedia el 10 de marzo de 1884. aES-MaACLjT-415-F-15 z-- Enc. hol. z-- Enc. en un vol. facticio